000 00761nam a2200181Ia 4500
008 151018s9999 xx 000 0 und d
082 _bRBASDV60251
_a351.3
100 _aविनायक घायाळ
245 _aपोलीस कॉन्स्तेबल चाळीस प्रश्नपत्रिका
250 _b3
260 _bके सागर
_c2013
300 _a489
600 _aविनायक घायाळ
630 _aपोलीस कॉन्स्तेबल चाळीस प्रश्नपत्रिका
700 _aविनायक घायाळ
730 _aपोलीस कॉन्स्तेबल चाळीस प्रश्नपत्रिका
942 _cBOOK
999 _c1053814
_d1053811